Online Catalogue and eLibrary

Anti-export bias in the'export - oriented' economy of Sri Lanka (Record no. 2754)

MARC details
000 -LEADER
fixed length control field 00474nam a2200169Ia 4500
005 - DATE AND TIME OF LATEST TRANSACTION
control field 20240528022149.0
008 - FIXED-LENGTH DATA ELEMENTS--GENERAL INFORMATION
fixed length control field 240331s9999 xx 000 0 und d
020 ## - INTERNATIONAL STANDARD BOOK NUMBER
ISBN 9053832548
082 ## - DDC Classification
Item Number - Author Mark ABE
Class No. 338.549
100 ## - MAIN ENTRY--PERSONAL NAME
Personal name Abeyratne, Sirimal
245 #0 - TITLE STATEMENT
Title Anti-export bias in the'export - oriented' economy of Sri Lanka
Statement of responsibility, etc. Sirimal, Abeyratne
260 ## - PUBLICATION, DISTRIBUTION, ETC.
Place of publication, distribution, etc. Amsterdam
Name of publisher, distributor, etc. VU University Press
Date of publication, distribution, etc. 1993
300 ## - PHYSICAL DESCRIPTION
Extent (e.g. Volumes, Pages etc.) xiv, 205 p .,
650 ## - SUBJECT ADDED ENTRY--TOPICAL TERM
Topical term or geographic name entry element Economy
650 ## - SUBJECT ADDED ENTRY--TOPICAL TERM
Topical term or geographic name entry element Social
942 ## - Koha item type (Biblio)
Koha item type Books in Stacks (Lending)
Holdings
Lost status Damaged status Collection code Home library Current library Shelving location Date acquired Full call number Accession Number Item type
    Lending WERC Library WERC Library Social Science Cupboard 03/31/2024 338.5 ABE 3270 Books in Stacks (Lending)

© WERC Library